| 000 | 00394nam a22001457a 4500 | ||
|---|---|---|---|
| 082 |
_a624.151 _bARO _cL-16, P-65 |
||
| 100 |
_aK.R. Arora _942419 |
||
| 245 | _aIntroductory soil engineering | ||
| 250 | _a1st ed. | ||
| 260 |
_aDelhi _bStandard publishers distributors _c1988 |
||
| 300 |
_ax, 630 p. _bill. |
||
| 526 |
_a0 _b0 _c0 _d624_151000000000000_ARO |
||
| 650 |
_aMCE _9379 |
||
| 942 |
_2ddc _cBK |
||
| 999 |
_c546315 _d546315 |
||